Datum a čas kvízu
15
Celkem bodů
Celkový počet nahraných bodů na tomto kvízu bez doplňovacích otázek.
6.
Pořadí na kvízu
Konečné umístění týmu na tomto kvízu.
Zaznamenané odpovědi
| # | Otázka | Odpověď | Body | Výsledky |
|---|---|---|---|---|
| 1. | Ve čtvrtek pronásledovali praž... | Rohlík (Rohlík.cz) | 0 | |
| 2. | Ve čtvrtek ustála předsedkyně... | Pfizergate | 0 | |
| 3. | Po několika týdnech dohadování... | Rubicon | 0 | |
| 4. | Evropská unie definitivně schv... | Bulharsko | 0 | |
| 5. | V pátek se v Monaku konal dalš... | skok vysoký | 0 | |
| 6. | Tento snímek pochází z národní... | Žofínský prales | 0 | |
| 7. | Poblíž Františkových Lázní se... | Soos | 0 | |
| 8. | Chráněná krajinná oblast Pálav... | Pavlovské vrchy, Nové Mlýny (Novomlýnská nádrž) | 0 | |
| 9. | Nyní se podíváme na nejdelší j... | Koněpruské jeskyně | 1 | |
| 10. | Nesmíme opomenout Národní park... | C) Kamenice | 0 |